000 00487nam a2200181Ia 4500
008 131103s9999 xx 000 0 und d
040 _aLoreto College
041 _aEnglish
082 _a371.63/DRA
_bLCBED/4812
100 _aDrachman, Julian M.
245 _aMaking friends with words
_cJulian M.Drachman
260 _aNew york
_bGlobe book
_c1956
300 _avii,324p.
_c 22cm.
504 _aInclludes index
650 _aEducation
850 _aLCBED/371.63/DRA
942 _cBK
999 _c26048
_d76527